| 000 | 00597nam a2200229 a 4500 | ||
|---|---|---|---|
| 005 | 20210219153159.0 | ||
| 008 | 991125n 000 0 spa u | ||
| 035 | _aUPN01000082514 | ||
| 100 | 1 | _aDíaz M., Sonia Alejandra | |
| 222 | _aEDUCACION Y DESARROLLO | ||
| 245 | _aLa industria alimenticia | ||
| 260 | _aGuadalajara, México | ||
| 300 | _a23-28 | ||
| 362 | 0 | _a1981 Año 4 no. 36 jul. | |
| 653 | 0 | _aALIMENTACION | |
| 653 | 0 | _aFAO | |
| 653 | 0 | _aINDUSTRIA ALIMENTICIA | |
| 653 | 0 | _aINDUSTRIA PESQUERA | |
| 653 | 0 | _aINDUSTRIALIZACION | |
| 904 |
_aAC _b020325 |
||
| 905 | _aArticulo | ||
| 999 |
_c70364 _d70364 |
||